Catalogue général du Musée copte du Caire

محفوظ في:

المؤلف الرئيسي: Dominique Bénazeth

مؤلفون آخرون: Auber de Lapierre, Julien

التنسيق: كتاب

اللغة: Undetermined

منشور في: Cairo Institut français d'archéologie orientale 2001

سلاسل: MIFAO 155

الموضوعات:

الوسوم: إضافة وسم

لا توجد وسوم, كن أول من يضع وسما على هذه التسجيلة!

رقم الطلب: On Hold

LEADER 00880nam a2200229Ia 4500
005 20260324113529.0
008 260324s9999||||xx |||||||||||||| ||und||
020 |a 9782724710540 
050 4 |a On Hold 
100 0 |a Dominique Bénazeth 
245 1 0 |a Catalogue général du Musée copte du Caire  |c Dominique Bénazeth 
264 1 |a Cairo  |b Institut français d'archéologie orientale  |c 2001 
300 |a volumes   |b color illustrations  |c 28-36 cm 
490 0 |a MIFAO 155 
500 |a At head of title: Conseil suprême des antiquités, Musée copte [v. 1]; Ministère des Antiquités - Musée copte [v. 2]. 
500 |a Includes bibliographical references and indexes. 
650 4 |a Christian antiquities 
650 4 |a Coptic art 
650 4 |a Coptic art -- Catalogs. 
650 4 |a Matḥaf al-Qibṭī (Cairo, Egypt) -- Catalo`gs 
700 0 |a Auber de Lapierre, Julien 
999 |c 61890  |d 61890